| 000 | 01163nam a2200313 i 4500 | ||
|---|---|---|---|
| 001 | 000048136 | ||
| 003 | DO-SdBNP | ||
| 005 | 20240507110348.0 | ||
| 007 | ta | ||
| 008 | 181120s2016 dr r 000 0 spa d | ||
| 020 | _a9789945901603 | ||
| 040 |
_aDO-SdBNP _bspa _cBNPHU _erda |
||
| 041 | _hspa | ||
| 082 | 4 |
_a972.93054 _bO23i _222 |
|
| 100 | 1 |
_aOdena, Isidro J. _957870 _eautor |
|
| 245 | 1 | 3 |
_aLa intervención ilegal en Santo Domingo / _cIsidro J. Odena ; cuidado de edición, Jesús R. Navarro Zerpa |
| 264 |
_aSanto Domingo : _bAcademia Dominicana de la Historia, _c2016. |
||
| 300 |
_a114 páginas ; _c22 cm. |
||
| 336 |
_2rdacontent _atexto _btxt |
||
| 337 |
_2rdamedia _asin mediación _bn |
||
| 338 |
_2rdacarrier _avolumen _bnc |
||
| 490 |
_aAcademia Dominicana de la Historia _v133 |
||
| 500 | _aIncluye referencias bibliográficas y notas al pie de las paginas e índice | ||
| 590 | _aInventariado, 2018/MFF | ||
| 651 | 4 |
_aRepública Dominicana -- _xHistoria -- _yOcupación norteamericana, 1916-1924 _91926 |
|
| 700 | 1 |
_aNavarro Zerpa, Jesús R., _ecuidado de edición _973422 |
|
| 910 | _aValidado. Control de calidad MFF | ||
| 942 |
_2ddc _cLBS1 |
||
| 999 |
_c47624 _d47624 |
||